| 000 | 01782nam a2200265Ia 4500 | ||
|---|---|---|---|
| 008 | 260220t1985||||xx |||||||||||||| ||spa|| | ||
| 040 |
_aPY-SlUNAC _bspa _erda |
||
| 041 | _aspa | ||
| 082 |
_a523.1 _bAS42u |
||
| 100 |
_aAsimov, Isaac _eAutor |
||
| 245 | 0 |
_aEl universo : _bde la tierra plana a los quàsars / _cpor Isaac Asimov [Autor] |
|
| 250 | _aDuodécima edición | ||
| 264 |
_aMadrid : _bAlianza, _c℗1985. |
||
| 300 | _a1 volumen | ||
| 490 |
_a _vvolumen 1 |
||
| 520 | _aEn "El universo: de la tierra plana a los quásares", Isaac Asimov ofrece una exploración exhaustiva de la evolución del pensamiento científico sobre el cosmos, desde las creencias antiguas de una Tierra plana hasta las complejidades de los quásares en el universo moderno. A través de un enfoque accesible y didáctico, Asimov presenta los hitos más significativos en la historia de la astronomía, destacando las contribuciones de figuras clave como Copérnico, Galileo, Kepler y Newton. El autor también aborda conceptos fundamentales como la gravedad, la luz y la expansión del universo, explicando cómo estas ideas han transformado nuestra comprensión del espacio y del tiempo. Con un estilo claro y ameno, el libro no solo es una crónica de descubrimientos, sino también una reflexión sobre la curiosidad humana y el deseo de desentrañar los misterios del universo. Así, Asimov invita a los lectores a contemplar su lugar en el vasto cosmos, fomentando una apreciación más profunda por la ciencia y la astronomía. | ||
| 653 | _aAstronomía | ||
| 653 | _aCiencia ficción | ||
| 653 | _aCosmología | ||
| 942 |
_b2026/02/17 _cBK |
||
| 999 |
_c7694 _d7694 |
||